000 01165nam a2200181Ia 4500
008 151202s9999||||xx |||||||||||||| ||und||
082 _bPNVM-71103
100 _aपंडित श्रीनिवास.
245 _aशूर गांडूळ आणि इतर कथा -वॅट्यूट झिलिन्स्केट यांच्या रशियन बालकथांचे स्वैर रुपांतर.
260 _b"ऊर्जा प्रकाशन,पुणे."
260 _c71103
300 _a48
600 _aपंडित श्रीनिवास.
630 _aशूर गांडूळ आणि इतर कथा -वॅट्यूट झिलिन्स्केट यांच्या रशियन बालकथांचे स्वैर रुपांतर.
700 _aपंडित श्रीनिवास.
730 _aशूर गांडूळ आणि इतर कथा -वॅट्यूट झिलिन्स्केट यांच्या रशियन बालकथांचे स्वैर रुपांतर.
942 _cBOOK
999 _c1337608
_d1337605